| 000 | 00573nam a22001817a 4500 | ||
|---|---|---|---|
| 005 | 20251108165327.0 | ||
| 008 | 250721s1990 xx 000 0 ara d | ||
| 082 | 1 | 4 | _a636/محم |
| 100 | 1 | _aالنعمة، محمد جاسم | |
| 245 | 1 | 0 | _aمكننة الإنتاج الحيواني / |
| 264 | 1 |
_aالموصل : _bمديرية دار الكتب للطباعة و النشر، _c1990. |
|
| 300 | _a286ص | ||
| 650 | 1 | 7 | _aالحيوانات الزراعية |
| 650 | 1 | 7 | _aالأبقار |
| 650 | 1 | 7 | _aمزارع الحيوانات |
| 942 |
_2ddc _cBK |
||
| 999 |
_c25185 _d25185 |
||